00343nam a2200109Ia 4500008004100000020002200041041001200063100007200075245003300147260003200180650002100212231221s9999 xx 000 0 und d a978-0-387-76872-4 aEnglish aBen Goertzel, Matthew Iklé, Izabela Freire Goertzel, Ari Heljakka 0aProbabilistic Logic Networks c2009bSpringer USaNew York aComputer Science